000 00609nam a2200229 a 4500
005 20191224041600.0
008 140227b1985 ck ||||| |||| 00| 0 spa d
040 _aCO-BoIAVH
_cCO-BoIAVH
041 _aspa
_heng
044 _ack
090 _aLB
_b01342
245 _aBiodiversidad de la serranía de Naquen
260 _aBogotá
_bs.n.
_c1985?
300 _a13 p.
650 _aBiodiversidad
_992204
650 _aAves
_942640
650 _aMamíferos
_942641
650 _aArtrópodos
_92658
650 _aMurciélagos
_92659
662 _aColombia
_cSerranía de Naquén
_bGuainía
942 _cINFORME
_2z
999 _c1350
_d1350